000
00284nam a2200121Ia 4500
008
191201s2005 xx 000 0 und d
100
_a
MENON, Murli
245
0
_a
ZeNLP the Power to Relax
260
_a
N.Delhi
_b
New Dawn
_c
2005
300
_a
115
650
_a
Applied
942
_2
ddc
_c
BK
999
_c
2040
_d
2040